[Event "Open-1"]
[Site "Katowice"]
[Date "2025.05.31"]
[Round "11.1"]
[White "Piorun, Kacper"]
[Black "Klekowski, Maciej"]
[Result "0-1"]
[BlackElo "2462"]
[WhiteElo "2486"]
[LiveChessVersion "1.4.4"]

1. e4 {[%clk 0:10:03]} c5 {[%clk 0:10:03]} 2. Nf3 {[%clk 0:10:04]} Nc6
{[%clk 0:10:05]} 3. d4 {[%clk 0:10:00]} cxd4 {[%clk 0:10:06]} 4. Nxd4
{[%clk 0:10:01]} e6 {[%clk 0:10:07]} 5. Nc3 {[%clk 0:09:57]} a6 {[%clk 0:10:08]}
6. Nxc6 {[%clk 0:09:57]} bxc6 {[%clk 0:10:09]} 7. Bd3 {[%clk 0:09:56]} d5
{[%clk 0:10:10]} 8. O-O {[%clk 0:09:56]} Nf6 {[%clk 0:10:11]} 9. Qe2
{[%clk 0:09:57]} Be7 {[%clk 0:10:11]} 10. b3 {[%clk 0:09:54]} O-O
{[%clk 0:10:10]} 11. Bb2 {[%clk 0:09:55]} Bb7 {[%clk 0:09:53]} 12. e5
{[%clk 0:09:48]} Nd7 {[%clk 0:09:38]} 13. Na4 {[%clk 0:09:49]} c5
{[%clk 0:09:33]} 14. c4 {[%clk 0:09:43]} d4 {[%clk 0:09:33]} 15. f4
{[%clk 0:09:05]} Qc7 {[%clk 0:09:29]} 16. Rae1 {[%clk 0:08:59]} Rae8
{[%clk 0:09:14]} 17. Bc1 {[%clk 0:08:19]} f5 {[%clk 0:07:23]} 18. exf6
{[%clk 0:07:41]} Nxf6 {[%clk 0:07:17]} 19. Qxe6+ {[%clk 0:06:47]} Kh8
{[%clk 0:07:18]} 20. Qb6 {[%clk 0:06:32]} Qc8 {[%clk 0:06:52]} 21. Qe6
{[%clk 0:05:11]} Qc7 {[%clk 0:06:54]} 22. Qb6 {[%clk 0:03:55]} Qc8
{[%clk 0:06:54]} 23. f5 {[%clk 0:03:26]} Nd7 {[%clk 0:06:49]} 24. Qa5
{[%clk 0:03:20]} Bd6 {[%clk 0:06:31]} 25. Bf4 {[%clk 0:02:40]} Qc6
{[%clk 0:06:18]} 0-1

[Event "Open-1"]
[Site "Katowice"]
[Date "2025.05.31"]
[Round "11.3"]
[White "Wojtaszek, Radoslaw"]
[Black "Bogdanov, Egor"]
[Result "1/2-1/2"]
[BlackElo "2382"]
[WhiteElo "2658"]
[LiveChessVersion "1.4.4"]

1. Nf3 {[%clk 0:10:02]} Nf6 {[%clk 0:10:03]} 2. g3 {[%clk 0:10:02]} g6
{[%clk 0:10:03]} 3. b3 {[%clk 0:10:03]} c5 {[%clk 0:10:01]} 4. c4
{[%clk 0:10:02]} Bg7 {[%clk 0:10:00]} 5. Bb2 {[%clk 0:10:02]} Nc6
{[%clk 0:10:00]} 6. Bg2 {[%clk 0:10:02]} d6 {[%clk 0:10:01]} 7. Nc3
{[%clk 0:09:55]} Bd7 {[%clk 0:09:40]} 8. d4 {[%clk 0:09:46]} cxd4
{[%clk 0:09:35]} 9. Nxd4 {[%clk 0:09:46]} O-O {[%clk 0:08:56]} 10. O-O
{[%clk 0:09:39]} Nxd4 {[%clk 0:08:53]} 11. Qxd4 {[%clk 0:09:40]} Bc6
{[%clk 0:08:55]} 12. Nd5 {[%clk 0:09:11]} Bxd5 {[%clk 0:08:55]} 13. Bxd5
{[%clk 0:08:47]} Nh5 {[%clk 0:08:56]} 14. Qd2 {[%clk 0:08:47]} Bxb2
{[%clk 0:08:56]} 15. Qxb2 {[%clk 0:08:48]} Qb6 {[%clk 0:08:57]} 16. Rac1
{[%clk 0:08:37]} Nf6 {[%clk 0:08:52]} 17. Bf3 {[%clk 0:08:38]} Rfc8
{[%clk 0:08:40]} 18. Rfd1 {[%clk 0:08:38]} a5 {[%clk 0:08:36]} 19. Rd4
{[%clk 0:08:01]} Rc5 {[%clk 0:08:30]} 20. Rf4 {[%clk 0:07:55]} Kg7
{[%clk 0:08:08]} 21. Rd4 {[%clk 0:07:55]} Rac8 {[%clk 0:07:38]} 22. Qd2
{[%clk 0:07:55]} R8c7 {[%clk 0:06:42]} 23. Rd1 {[%clk 0:07:10]} Qb4
{[%clk 0:06:17]} 1/2-1/2

[Event "Open-1"]
[Site "Katowice"]
[Date "2025.05.31"]
[Round "11.4"]
[White "Sowinski, Pawel"]
[Black "Raczek, Krzysztof"]
[Result "0-1"]
[BlackElo "2409"]
[WhiteElo "2438"]
[LiveChessVersion "1.4.4"]

1. Nf3 {[%clk 0:10:03]} Nf6 {[%clk 0:10:04]} 2. g3 {[%clk 0:10:03]} b6
{[%clk 0:10:05]} 3. Bg2 {[%clk 0:10:03]} Bb7 {[%clk 0:10:06]} 4. O-O
{[%clk 0:10:03]} g6 {[%clk 0:10:07]} 5. c4 {[%clk 0:09:15]} Bg7 {[%clk 0:10:06]}
6. Nc3 {[%clk 0:09:14]} O-O {[%clk 0:10:04]} 7. Re1 {[%clk 0:09:10]} c5
{[%clk 0:09:02]} 8. e4 {[%clk 0:09:06]} Nc6 {[%clk 0:08:49]} 9. d3
{[%clk 0:07:56]} d6 {[%clk 0:08:36]} 10. h3 {[%clk 0:07:49]} Nd7 {[%clk 0:08:30]}
11. Ne2 {[%clk 0:06:11]} Nde5 {[%clk 0:08:04]} 12. a3 {[%clk 0:05:37]} a6
{[%clk 0:07:57]} 13. Rb1 {[%clk 0:05:01]} b5 {[%clk 0:07:57]} 14. Nxe5
{[%clk 0:04:59]} dxe5 {[%clk 0:06:59]} 15. Nc3 {[%clk 0:04:55]} Nd4
{[%clk 0:06:33]} 16. Be3 {[%clk 0:04:54]} bxc4 {[%clk 0:06:26]} 17. dxc4
{[%clk 0:04:53]} a5 {[%clk 0:06:28]} 18. a4 {[%clk 0:04:30]} e6 {[%clk 0:06:16]}
19. Nb5 {[%clk 0:04:28]} Qb6 {[%clk 0:06:01]} 20. Rc1 {[%clk 0:03:52]} Rfd8
{[%clk 0:06:02]} 21. Bxd4 {[%clk 0:03:48]} cxd4 {[%clk 0:05:29]} 22. Qd3
{[%clk 0:03:48]} Qc5 {[%clk 0:05:27]} 23. b3 {[%clk 0:03:48]} h5 {[%clk 0:05:17]}
24. h4 {[%clk 0:03:47]} Bc6 {[%clk 0:04:57]} 25. Rc2 {[%clk 0:03:45]} Rdc8
{[%clk 0:04:54]} 26. Ra1 {[%clk 0:03:45]} f5 {[%clk 0:04:18]} 27. Re2
{[%clk 0:03:38]} Bb7 {[%clk 0:03:54]} 28. Rae1 {[%clk 0:03:35]} Rab8
{[%clk 0:03:22]} 29. f4 {[%clk 0:03:34]} exf4 {[%clk 0:01:44]} 30. gxf4
{[%clk 0:03:35]} Rf8 {[%clk 0:00:45]} 31. e5 {[%clk 0:03:30]} Ba6
{[%clk 0:00:32]} 32. Kh1 {[%clk 0:02:20]} Rfd8 {[%clk 0:00:25]} 33. Rg1
{[%clk 0:01:59]} Kh7 {[%clk 0:00:11]} 34. Qg3 {[%clk 0:01:50]} Bh6
{[%clk 0:00:07]} 35. Rd2 {[%clk 0:01:16]} Bxb5 {[%clk 0:00:06]} 36. axb5
{[%clk 0:01:16]} d3 {[%clk 0:00:05]} 37. Bf3 {[%clk 0:01:16]} Rg8
{[%clk 0:00:04]} 38. Rxd3 {[%clk 0:01:16]} a4 {[%clk 0:00:04]} 39. bxa4
{[%clk 0:00:15]} Qxc4 {[%clk 0:00:05]} 40. Rd7+ {[%clk 0:00:16]} Kh8
{[%clk 0:00:07]} 41. Rgd1 {[%clk 0:00:06]} Bxf4 {[%clk 0:00:07]} 42. Qh3
{[%clk 0:00:07]} Bxe5 {[%clk 0:00:06]} 43. Bc6 {[%clk 0:00:07]} Qxa4
{[%clk 0:00:06]} 44. Qf3 {[%clk 0:00:03]} Qxh4+ {[%clk 0:00:07]} 45. Kg1
{[%clk 0:00:04]} Qg5+ {[%clk 0:00:07]} 46. Kf1 {[%clk 0:00:05]} Rg7
{[%clk 0:00:05]} 47. Rd8+ {[%clk 0:00:05]} Rxd8 {[%clk 0:00:06]} 48. Rxd8+
{[%clk 0:00:06]} Qxd8 {[%clk 0:00:07]} 0-1

[Event "Open-1"]
[Site "Katowice"]
[Date "2025.05.31"]
[Round "11.5"]
[White "Gibala, Adam"]
[Black "Socko, Bartosz"]
[Result "0-1"]
[BlackElo "2510"]
[WhiteElo "2256"]
[LiveChessVersion "1.4.4"]

1. d4 {[%clk 0:10:00]} Nf6 {[%clk 0:10:03]} 2. c4 {[%clk 0:10:01]} e6
{[%clk 0:10:04]} 3. g3 {[%clk 0:09:57]} Bb4+ {[%clk 0:10:04]} 4. Bd2
{[%clk 0:09:47]} Qe7 {[%clk 0:10:02]} 5. Bg2 {[%clk 0:09:44]} Bxd2+
{[%clk 0:10:00]} 6. Qxd2 {[%clk 0:09:39]} Nc6 {[%clk 0:10:00]} 7. e3
{[%clk 0:09:11]} O-O {[%clk 0:09:57]} 8. Ne2 {[%clk 0:09:11]} d6 {[%clk 0:09:53]}
9. Nbc3 {[%clk 0:09:08]} e5 {[%clk 0:09:42]} 10. d5 {[%clk 0:08:48]} Nb8
{[%clk 0:09:34]} 11. O-O {[%clk 0:08:38]} a5 {[%clk 0:09:22]} 12. b3
{[%clk 0:08:21]} Na6 {[%clk 0:09:07]} 13. a3 {[%clk 0:07:36]} e4 {[%clk 0:09:00]}
14. b4 {[%clk 0:06:50]} Re8 {[%clk 0:09:00]} 15. Rab1 {[%clk 0:06:21]} axb4
{[%clk 0:08:56]} 16. axb4 {[%clk 0:06:21]} Bf5 {[%clk 0:08:35]} 17. Nd4
{[%clk 0:06:12]} Bg6 {[%clk 0:08:36]} 18. Nce2 {[%clk 0:05:39]} Nb8
{[%clk 0:07:51]} 19. Nb5 {[%clk 0:04:27]} Rd8 {[%clk 0:07:27]} 20. Ra1
{[%clk 0:04:06]} Ra6 {[%clk 0:06:45]} 21. Nbd4 {[%clk 0:03:49]} Rxa1
{[%clk 0:06:27]} 22. Rxa1 {[%clk 0:03:49]} Nbd7 {[%clk 0:06:24]} 23. Ra7
{[%clk 0:03:22]} Rb8 {[%clk 0:06:26]} 24. Nf4 {[%clk 0:03:23]} Ne5
{[%clk 0:06:23]} 25. Nxg6 {[%clk 0:03:17]} hxg6 {[%clk 0:06:15]} 26. Qc2
{[%clk 0:03:17]} Nd3 {[%clk 0:05:57]} 27. Qc3 {[%clk 0:02:51]} Ng4
{[%clk 0:05:56]} 28. Ra2 {[%clk 0:02:50]} Qf6 {[%clk 0:04:23]} 29. Bxe4
{[%clk 0:02:06]} Ndxf2 {[%clk 0:04:17]} 30. Bf3 {[%clk 0:02:05]} Nh3+
{[%clk 0:04:07]} 31. Kg2 {[%clk 0:02:05]} Ne5 {[%clk 0:04:06]} 32. Bd1
{[%clk 0:00:57]} Re8 {[%clk 0:03:11]} 33. Ba4 {[%clk 0:00:25]} Ra8
{[%clk 0:02:54]} 34. Qc2 {[%clk 0:00:04]} g5 {[%clk 0:02:36]} 35. Bb3
{[%clk 0:00:04]} Rxa2 {[%clk 0:02:34]} 36. Qxa2 {[%clk 0:00:04]} g4
{[%clk 0:02:25]} 37. c5 {[%clk 0:00:05]} Nf3 {[%clk 0:02:07]} 38. Qa8+
{[%clk 0:00:04]} Kh7 {[%clk 0:02:09]} 39. Bc2+ {[%clk 0:00:04]} g6
{[%clk 0:02:09]} 40. Qxb7 {[%clk 0:00:00]} 0-1

[Event "Open-1"]
[Site "Katowice"]
[Date "2025.05.31"]
[Round "11.6"]
[White "Kosakowski, Jakub"]
[Black "Niezhentsev, Kyrylo"]
[Result "1-0"]
[BlackElo "2165"]
[WhiteElo "2509"]
[LiveChessVersion "1.4.4"]

1. e4 {[%clk 0:10:02]} c5 {[%clk 0:10:04]} 2. Nf3 {[%clk 0:10:02]} d6
{[%clk 0:10:05]} 3. Bc4 {[%clk 0:09:57]} Nf6 {[%clk 0:09:58]} 4. d3
{[%clk 0:09:57]} e6 {[%clk 0:09:51]} 5. O-O {[%clk 0:09:49]} Nc6 {[%clk 0:09:51]}
6. Re1 {[%clk 0:09:28]} Be7 {[%clk 0:09:48]} 7. a4 {[%clk 0:09:29]} O-O
{[%clk 0:09:45]} 8. Nbd2 {[%clk 0:09:28]} d5 {[%clk 0:09:40]} 9. Ba2
{[%clk 0:09:16]} dxe4 {[%clk 0:09:13]} 10. dxe4 {[%clk 0:09:15]} e5
{[%clk 0:09:10]} 11. h3 {[%clk 0:08:50]} h6 {[%clk 0:08:56]} 12. c3
{[%clk 0:08:46]} a6 {[%clk 0:08:07]} 13. Bb3 {[%clk 0:08:12]} Qc7
{[%clk 0:07:23]} 14. Qe2 {[%clk 0:07:48]} Rb8 {[%clk 0:07:04]} 15. Bd5
{[%clk 0:06:57]} Bd7 {[%clk 0:05:55]} 16. Nc4 {[%clk 0:06:45]} b5
{[%clk 0:05:19]} 17. axb5 {[%clk 0:06:14]} axb5 {[%clk 0:05:20]} 18. Bxc6
{[%clk 0:05:48]} Bxc6 {[%clk 0:05:19]} 19. Ncxe5 {[%clk 0:05:48]} Bxe4
{[%clk 0:05:18]} 20. Ng4 {[%clk 0:05:27]} Bxf3 {[%clk 0:04:51]} 21. Qxf3
{[%clk 0:05:24]} Nxg4 {[%clk 0:04:50]} 22. Qxg4 {[%clk 0:05:24]} Kh8
{[%clk 0:04:30]} 23. Ra6 {[%clk 0:04:51]} Bd6 {[%clk 0:04:21]} 24. Qf3
{[%clk 0:03:17]} Rb6 {[%clk 0:02:24]} 25. Rxb6 {[%clk 0:02:33]} Qxb6
{[%clk 0:02:24]} 26. Qd5 {[%clk 0:02:27]} Qc7 {[%clk 0:02:08]} 27. Qh5
{[%clk 0:02:13]} Kh7 {[%clk 0:01:47]} 28. Qf5+ {[%clk 0:01:51]} Kh8
{[%clk 0:01:46]} 29. Be3 {[%clk 0:01:41]} Re8 {[%clk 0:01:37]} 30. Rd1
{[%clk 0:01:41]} Bh2+ {[%clk 0:00:42]} 31. Kh1 {[%clk 0:01:36]} Be5
{[%clk 0:00:20]} 32. Rd5 {[%clk 0:01:12]} Bd6 {[%clk 0:00:07]} 33. Qd3
{[%clk 0:00:59]} Bf4 {[%clk 0:00:04]} 34. Qxb5 {[%clk 0:00:57]} Ra8
{[%clk 0:00:04]} 35. Rd1 {[%clk 0:00:06]} Bxe3 {[%clk 0:00:04]} 36. fxe3
{[%clk 0:00:07]} Rb8 {[%clk 0:00:05]} 37. Qe2 {[%clk 0:00:06]} Qe5
{[%clk 0:00:04]} 38. Rd2 {[%clk 0:00:06]} Qe6 {[%clk 0:00:03]} 39. Qf3
{[%clk 0:00:06]} Kg8 {[%clk 0:00:04]} 40. Qf4 {[%clk 0:00:07]} Ra8
{[%clk 0:00:04]} 41. Kh2 {[%clk 0:00:07]} Kh8 {[%clk 0:00:04]} 42. Rd6
{[%clk 0:00:07]} Qe7 {[%clk 0:00:05]} 43. Rc6 {[%clk 0:00:07]} Rd8
{[%clk 0:00:04]} 44. Rc7 {[%clk 0:00:08]} Qe6 {[%clk 0:00:04]} 45. Rxf7
{[%clk 0:00:04]} Rd2 {[%clk 0:00:03]} 46. Rc7 {[%clk 0:00:03]} Qg6
{[%clk 0:00:03]} 47. Qg3 {[%clk 0:00:03]} Qxg3+ {[%clk 0:00:03]} 48. Kxg3
{[%clk 0:00:04]} Rxb2 {[%clk 0:00:05]} 49. Rxc5 {[%clk 0:00:05]} Kg8
{[%clk 0:00:05]} 50. Rc7 {[%clk 0:00:07]} Rc2 {[%clk 0:00:04]} 51. c4
{[%clk 0:00:08]} Kf8 {[%clk 0:00:04]} 52. c5 {[%clk 0:00:09]} g5 {[%clk 0:00:03]}
53. Kf3 {[%clk 0:00:10]} h5 {[%clk 0:00:03]} 54. c6 {[%clk 0:00:08]} Rc3
{[%clk 0:00:03]} 55. g3 {[%clk 0:00:08]} Rc4 {[%clk 0:00:04]} 56. Rc8+
{[%clk 0:00:06]} Ke7 {[%clk 0:00:04]} 57. c7 {[%clk 0:00:04]} Kd7
{[%clk 0:00:03]} 58. Rg8 {[%clk 0:00:05]} Kxc7 {[%clk 0:00:03]} 59. Rxg5
{[%clk 0:00:06]} h4 {[%clk 0:00:04]} 60. Rg4 {[%clk 0:00:06]} 1-0

[Event "Open-1"]
[Site "Katowice"]
[Date "2025.05.31"]
[Round "11.7"]
[White "Fus, Jakub"]
[Black "Zieba, Hubert"]
[Result "1/2-1/2"]
[BlackElo "2116"]
[WhiteElo "2414"]
[LiveChessVersion "1.4.4"]

1. c4 {[%clk 0:10:03]} c5 {[%clk 0:10:03]} 2. g3 {[%clk 0:10:04]} g6
{[%clk 0:10:04]} 3. Bg2 {[%clk 0:10:05]} Bg7 {[%clk 0:10:05]} 4. Nc3
{[%clk 0:10:05]} Nc6 {[%clk 0:10:05]} 5. a3 {[%clk 0:10:01]} Nf6 {[%clk 0:10:05]}
6. Rb1 {[%clk 0:09:58]} a5 {[%clk 0:09:20]} 7. d3 {[%clk 0:09:38]} O-O
{[%clk 0:09:14]} 8. Bf4 {[%clk 0:09:14]} d6 {[%clk 0:09:05]} 9. Nf3
{[%clk 0:09:09]} Bd7 {[%clk 0:08:42]} 10. O-O {[%clk 0:09:02]} Ne8
{[%clk 0:08:34]} 11. Ne1 {[%clk 0:08:45]} Nc7 {[%clk 0:08:27]} 12. Nc2
{[%clk 0:08:45]} Rb8 {[%clk 0:08:23]} 13. Nb5 {[%clk 0:06:41]} Nxb5
{[%clk 0:07:06]} 14. cxb5 {[%clk 0:06:41]} Nd4 {[%clk 0:07:07]} 15. Nxd4
{[%clk 0:06:41]} Bxd4 {[%clk 0:07:08]} 16. a4 {[%clk 0:06:40]} b6
{[%clk 0:07:04]} 17. Bh6 {[%clk 0:06:36]} Re8 {[%clk 0:07:04]} 18. Qd2
{[%clk 0:06:25]} Bc8 {[%clk 0:06:55]} 19. e3 {[%clk 0:06:18]} Bf6
{[%clk 0:06:53]} 20. d4 {[%clk 0:05:50]} Bb7 {[%clk 0:05:12]} 21. Bxb7
{[%clk 0:04:37]} Rxb7 {[%clk 0:05:13]} 22. dxc5 {[%clk 0:04:35]} dxc5
{[%clk 0:05:05]} 23. Rfd1 {[%clk 0:04:33]} e6 {[%clk 0:04:33]} 24. Qe2
{[%clk 0:04:14]} Rd7 {[%clk 0:04:16]} 25. Qf3 {[%clk 0:03:50]} Rd5
{[%clk 0:04:00]} 26. b3 {[%clk 0:03:27]} Bg5 {[%clk 0:03:27]} 27. Rxd5
{[%clk 0:02:04]} exd5 {[%clk 0:03:27]} 28. Bxg5 {[%clk 0:02:04]} Qxg5
{[%clk 0:03:28]} 29. Rd1 {[%clk 0:02:03]} Rd8 {[%clk 0:03:24]} 30. Kg2
{[%clk 0:01:57]} Qe5 {[%clk 0:03:14]} 31. h4 {[%clk 0:01:53]} h5 {[%clk 0:03:15]}
32. Rd3 {[%clk 0:01:52]} Kg7 {[%clk 0:02:58]} 33. Kg1 {[%clk 0:01:27]} Rd6
{[%clk 0:02:50]} 34. Kg2 {[%clk 0:01:27]} Rd8 {[%clk 0:02:44]} 35. Kg1
{[%clk 0:01:27]} Rd6 {[%clk 0:02:45]} 1/2-1/2

[Event "Open-1"]
[Site "Katowice"]
[Date "2025.05.31"]
[Round "11.8"]
[White "Kiolbasa, Oliwia"]
[Black "Niedbala, Bartlomiej"]
[Result "1-0"]
[BlackElo "2380"]
[WhiteElo "2241"]
[LiveChessVersion "1.4.4"]

1. e4 {[%clk 0:09:57]} Nf6 {[%clk 0:10:03]} 2. e5 {[%clk 0:09:57]} Nd5
{[%clk 0:10:04]} 3. d4 {[%clk 0:09:57]} d6 {[%clk 0:10:05]} 4. Nf3
{[%clk 0:09:47]} dxe5 {[%clk 0:10:06]} 5. Nxe5 {[%clk 0:09:43]} c6
{[%clk 0:10:06]} 6. a4 {[%clk 0:09:35]} Bf5 {[%clk 0:09:35]} 7. Bc4
{[%clk 0:07:55]} Nd7 {[%clk 0:09:09]} 8. Nxd7 {[%clk 0:07:48]} Qxd7
{[%clk 0:09:10]} 9. O-O {[%clk 0:07:47]} e6 {[%clk 0:09:09]} 10. a5
{[%clk 0:07:14]} Bd6 {[%clk 0:09:00]} 11. Bd3 {[%clk 0:07:14]} Bg6
{[%clk 0:08:48]} 12. h3 {[%clk 0:06:50]} O-O {[%clk 0:08:41]} 13. Na3
{[%clk 0:06:49]} e5 {[%clk 0:07:02]} 14. Bxg6 {[%clk 0:05:38]} hxg6
{[%clk 0:06:59]} 15. Nc4 {[%clk 0:05:36]} e4 {[%clk 0:06:39]} 16. f3
{[%clk 0:04:01]} Rae8 {[%clk 0:06:28]} 17. fxe4 {[%clk 0:03:50]} Rxe4
{[%clk 0:06:28]} 18. Nxd6 {[%clk 0:03:24]} Qxd6 {[%clk 0:06:26]} 19. Ra3
{[%clk 0:03:23]} Rfe8 {[%clk 0:05:50]} 20. Raf3 {[%clk 0:03:20]} f6
{[%clk 0:05:39]} 21. Qd3 {[%clk 0:03:08]} g5 {[%clk 0:05:07]} 22. Bd2
{[%clk 0:02:21]} c5 {[%clk 0:04:32]} 23. dxc5 {[%clk 0:01:47]} Qxc5+
{[%clk 0:04:32]} 24. Kh1 {[%clk 0:01:47]} Qc4 {[%clk 0:02:52]} 25. Qxc4
{[%clk 0:00:56]} Rxc4 {[%clk 0:02:53]} 26. c3 {[%clk 0:00:39]} Rc5
{[%clk 0:02:11]} 27. Rd3 {[%clk 0:00:33]} Re5 {[%clk 0:01:52]} 28. b3
{[%clk 0:00:28]} Ne7 {[%clk 0:01:17]} 29. c4 {[%clk 0:00:27]} Rc7
{[%clk 0:01:05]} 30. Re1 {[%clk 0:00:06]} Nc6 {[%clk 0:00:59]} 31. Rxe5
{[%clk 0:00:06]} Nxe5 {[%clk 0:01:00]} 32. Rd5 {[%clk 0:00:07]} a6
{[%clk 0:00:57]} 33. Bxg5 {[%clk 0:00:07]} Re7 {[%clk 0:00:40]} 34. Bf4
{[%clk 0:00:07]} Nc6 {[%clk 0:00:41]} 35. Bd2 {[%clk 0:00:05]} Kf7
{[%clk 0:00:32]} 36. Kg1 {[%clk 0:00:06]} Rc7 {[%clk 0:00:26]} 37. Kf2
{[%clk 0:00:06]} Ne7 {[%clk 0:00:28]} 38. Rd3 {[%clk 0:00:05]} g5
{[%clk 0:00:25]} 39. g3 {[%clk 0:00:04]} Nf5 {[%clk 0:00:18]} 40. Rd5
{[%clk 0:00:05]} Ke6 {[%clk 0:00:18]} 41. Kf3 {[%clk 0:00:04]} Rh7
{[%clk 0:00:18]} 42. Kg2 {[%clk 0:00:05]} Rc7 {[%clk 0:00:14]} 43. g4
{[%clk 0:00:05]} Ne7 {[%clk 0:00:15]} 44. Rd3 {[%clk 0:00:06]} Nc6
{[%clk 0:00:12]} 45. Bc3 {[%clk 0:00:07]} Rf7 {[%clk 0:00:07]} 46. Kf3
{[%clk 0:00:07]} f5 {[%clk 0:00:06]} 47. gxf5+ {[%clk 0:00:08]} Rxf5+
{[%clk 0:00:07]} 48. Kg4 {[%clk 0:00:09]} Rc5 {[%clk 0:00:04]} 49. Rd5
{[%clk 0:00:09]} Rxd5 {[%clk 0:00:05]} 50. cxd5+ {[%clk 0:00:10]} Kxd5
{[%clk 0:00:06]} 51. Kxg5 {[%clk 0:00:11]} Ke6 {[%clk 0:00:05]} 52. h4
{[%clk 0:00:12]} Ne7 {[%clk 0:00:04]} 53. h5 {[%clk 0:00:12]} Kf7
{[%clk 0:00:04]} 54. h6 {[%clk 0:00:13]} Kg8 {[%clk 0:00:06]} 55. Bd4
{[%clk 0:00:13]} Nc6 {[%clk 0:00:07]} 56. Bb6 {[%clk 0:00:14]} Kf7
{[%clk 0:00:04]} 57. Bc7 {[%clk 0:00:14]} Kg8 {[%clk 0:00:03]} 58. Bd6
{[%clk 0:00:14]} Nd4 {[%clk 0:00:04]} 59. Kg6 {[%clk 0:00:14]} Nf3
{[%clk 0:00:04]} 60. h7+ {[%clk 0:00:14]} Kh8 {[%clk 0:00:05]} 61. Kh6
{[%clk 0:00:12]} b5 {[%clk 0:00:03]} 62. axb6 {[%clk 0:00:12]} 1-0

[Event "Open-1"]
[Site "Katowice"]
[Date "2025.05.31"]
[Round "11.9"]
[White "Piesik, Piotr"]
[Black "Hasterok, Mateusz"]
[Result "1-0"]
[BlackElo "2112"]
[WhiteElo "2377"]
[LiveChessVersion "1.4.4"]

1. d4 {[%clk 0:10:03]} d5 {[%clk 0:10:02]} 2. c4 {[%clk 0:10:03]} e6
{[%clk 0:10:03]} 3. Nc3 {[%clk 0:10:04]} Bb4 {[%clk 0:10:03]} 4. a3
{[%clk 0:10:05]} Bxc3+ {[%clk 0:09:59]} 5. bxc3 {[%clk 0:10:06]} c5
{[%clk 0:09:50]} 6. cxd5 {[%clk 0:09:44]} exd5 {[%clk 0:09:49]} 7. e3
{[%clk 0:09:40]} Nf6 {[%clk 0:09:06]} 8. Bd3 {[%clk 0:09:36]} b6 {[%clk 0:08:43]}
9. Ne2 {[%clk 0:09:13]} O-O {[%clk 0:08:42]} 10. O-O {[%clk 0:09:07]} Ba6
{[%clk 0:08:42]} 11. f3 {[%clk 0:09:04]} Re8 {[%clk 0:08:27]} 12. Ng3
{[%clk 0:09:00]} Bxd3 {[%clk 0:08:27]} 13. Qxd3 {[%clk 0:09:01]} Nc6
{[%clk 0:08:29]} 14. Bb2 {[%clk 0:08:43]} h5 {[%clk 0:08:02]} 15. Rae1
{[%clk 0:08:19]} Rc8 {[%clk 0:07:40]} 16. e4 {[%clk 0:07:00]} cxd4
{[%clk 0:07:07]} 17. cxd4 {[%clk 0:07:01]} dxe4 {[%clk 0:07:08]} 18. fxe4
{[%clk 0:07:02]} Ne5 {[%clk 0:07:08]} 19. Qe2 {[%clk 0:03:54]} Nc4
{[%clk 0:07:05]} 20. d5 {[%clk 0:03:33]} Nxb2 {[%clk 0:05:09]} 21. Qxb2
{[%clk 0:03:33]} Qd6 {[%clk 0:03:57]} 22. Kh1 {[%clk 0:03:17]} Ng4
{[%clk 0:03:43]} 23. Qxg7+ {[%clk 0:03:05]} Kxg7 {[%clk 0:03:40]} 24. Nf5+
{[%clk 0:03:07]} Kg6 {[%clk 0:03:31]} 25. Nxd6 {[%clk 0:03:07]} Red8
{[%clk 0:03:23]} 26. Nxc8 {[%clk 0:03:07]} Rxc8 {[%clk 0:03:25]} 27. e5
{[%clk 0:03:02]} Rc5 {[%clk 0:03:23]} 28. e6 fxe6 {[%clk 0:03:18]} 29. dxe6
{[%clk 0:02:58]} Rc8 {[%clk 0:03:16]} 30. e7 {[%clk 0:02:51]} Re8
{[%clk 0:03:17]} 31. Rf8 {[%clk 0:02:51]} Nf6 {[%clk 0:03:17]} 32. Re6
{[%clk 0:02:50]} 1-0

[Event "Open-1"]
[Site "Katowice"]
[Date "2025.05.31"]
[Round "11.10"]
[White "Janeczko, Jakub"]
[Black "Kuzmicz, Krystian"]
[Result "1/2-1/2"]
[BlackElo "2357"]
[WhiteElo "2043"]
[LiveChessVersion "1.4.4"]

1. e4 {[%clk 0:10:03]} d5 {[%clk 0:09:57]} 2. exd5 {[%clk 0:10:03]} Nf6
{[%clk 0:09:57]} 3. d4 {[%clk 0:09:59]} Bg4 {[%clk 0:09:58]} 4. Be2
{[%clk 0:09:51]} Bxe2 {[%clk 0:09:57]} 5. Qxe2 {[%clk 0:09:52]} Qxd5
{[%clk 0:09:48]} 6. Nf3 {[%clk 0:09:52]} Nc6 {[%clk 0:09:43]} 7. Nc3
{[%clk 0:09:45]} Qf5 {[%clk 0:09:26]} 8. O-O {[%clk 0:09:17]} O-O-O
{[%clk 0:09:08]} 9. Be3 {[%clk 0:08:48]} e6 {[%clk 0:09:00]} 10. a3
{[%clk 0:08:43]} Bd6 {[%clk 0:08:47]} 11. Nb5 {[%clk 0:08:18]} Be7
{[%clk 0:07:02]} 12. c4 {[%clk 0:08:16]} Ne4 {[%clk 0:06:46]} 13. Rac1
{[%clk 0:07:29]} 1/2-1/2